致台湾的头家 (Record no. 33883)

000 -LEADER
fixed length control field 00504nam a22001937a 4500
003 - CONTROL NUMBER IDENTIFIER
control field MPLRDC
005 - DATE AND TIME OF LATEST TRANSACTION
control field 20220104142816.0
008 - FIXED-LENGTH DATA ELEMENTS--GENERAL INFORMATION
fixed length control field 210129b ||||| |||| 00| 0 eng d
020 ## - INTERNATIONAL STANDARD BOOK NUMBER
International Standard Book Number 957-02-5972-8
082 ## - DEWEY DECIMAL CLASSIFICATION NUMBER
Classification number 573.07 WQL
100 ## - MAIN ENTRY--PERSONAL NAME
Personal name 行政院研究发展考核委员会编纂
245 ## - TITLE STATEMENT
Title 致台湾的头家
Statement of responsibility, etc.
250 ## - EDITION STATEMENT
Edition statement 初版
260 ## - PUBLICATION, DISTRIBUTION, ETC.
Place of publication, distribution, etc.
Name of publisher, distributor, etc. 行政院研究发展考核委员会
Date of publication, distribution, etc. 2000
300 ## - PHYSICAL DESCRIPTION
Other physical details
490 ## - SERIES STATEMENT
Series statement 领导力. 1
650 ## - SUBJECT ADDED ENTRY--TOPICAL TERM
Topical term or geographic name entry element 台湾政治
942 ## - ADDED ENTRY ELEMENTS (KOHA)
Koha item type Book
-- 573.07 WQL
Holdings
Withdrawn status Lost status Source of classification or shelving scheme Damaged status Not for loan Collection code Home library Current library Shelving location Date acquired Cost, normal purchase price Total Checkouts Full call number Barcode Date last seen Date last checked out Price effective from Koha item type Public note
            Malaysian Public Library, Research and Development Centre Malaysian Public Library, Research and Development Centre   10/12/2007 54.00   573.07 WQL 00033982 18/03/2021 10/12/2007 18/03/2021 Book mplrdc

© 2022. Malaysian Public Library, Research and Development Centre. All Right ReservedE-mailmplrdc@help.edu.my 

Powered by Koha